Capitales de América del Sur en un mapa - Estadísticas

Estadísticas generales
  • Esta prueba ha sido intentada 257 veces
  • La puntuación promedio es 11 de 13
Respuestas en el mapa
Las respuestas están codificadas por una escala verde-roja en el mapa de la prueba según el % correcto abajo.
 
Estadísticas de respuestas
Capital % Correcto
Brasilia
97%
Buenos Aires
96%
Lima
96%
Bogotá
93%
Santiago
93%
Caracas
92%
Montevideo
91%
Quito
82%
Asunción
80%
La Paz
76%
Sucre
62%
Georgetown
56%
Paramaribo
53%
No se encontraron pruebas coincidentes
Distribución de puntuación
Porcentaje de gente con cada puntuación
Porcentaje por número respondido
Historial de tus puntuaciones
No has intentado esta prueba.